000 00210nam a22000857a 4500
008 170619b xxu||||| |||| 00| 0 eng d
100 _93511
_aScholastic. J
245 _aRascal Sterling North
260 _aU. S. A
_c1990
999 _c6895
_d6895